Взгляд в будущее. № 4: Материалы III межрегионального Инфофорума "Безопасность граждан России в информационном мире" - практическая конференция, 29 ноября 2018 г. (Запись № 10932593)
[ простой вид ]
| 000 -МАРКЕР | |
|---|---|
| контрольное поле | 01812nam2a2200265 4500 |
| 001 - ИДЕНТИФИКАТОР ЗАПИСИ | |
| контрольное поле | RU\NLR\PER_A\011363927_000040 |
| 005 - ИДЕНТИФИКАТОР ВЕРСИИ | |
| контрольное поле | 20250626150741.0 |
| 035 ## - ДРУГИЕ СИСТЕМНЫЕ НОМЕРА | |
| Идентификатор записи | (NLR Aleph) 011910367 |
| 100 ## - ДАННЫЕ ОБЩЕЙ ОБРАБОТКИ | |
| Данные общей обработки | 20190116d2018 |||y0rusy50 ca |
| 101 0# - ЯЗЫК РЕСУРСА | |
| Язык текста, звукозаписи и т.д. | русский |
| 102 ## - СТРАНА ПУБЛИКАЦИИ ИЛИ ПРОИЗВОДСТВА | |
| Страна публикации | Российская Федерация |
| 200 1# - ЗАГЛАВИЕ И СВЕДЕНИЯ ОБ ОТВЕТСТВЕННОСТИ | |
| Основное заглавие | Материалы III межрегионального Инфофорума "Безопасность граждан России в информационном мире" - практическая конференция, 29 ноября 2018 г. |
| 210 ## - ПУБЛИКАЦИЯ, РАСПРОСТРАНЕНИЕ И ДР. | |
| Дата издания, распространения и т.д. | 2018 |
| Место издания, распространения и т.д. | Б. м. |
| 461 #0 - УРОВЕНЬ НАБОРА | |
| Встроенное поле | 001RU\NLR\BIBL_A\011363927 |
| -- | 2001#$aВзгляд в будущее$eнаучный журнал$fОбл. бюджет. проф. образоват. учреждение "Кур. техникум связи"$v№ 4 |
| Системный номер (АБИС) связанной записи | 11313722 |
| Место публикации | Курск |
| Дата публикации | 2017 - |
| Первые сведения об ответственности | Обл. бюджет. проф. образоват. учреждение "Кур. техникум связи" |
| Имя издателя, распространителя и т.д. | ОБПОУ "КТС" |
| Сведения, относящиеся к заглавию | научный журнал |
| Заглавие | Взгляд в будущее |
| Номер тома | № 4 |
| 606 1# - НАИМЕНОВАНИЕ ТЕМЫ КАК ПРЕДМЕТ | |
| Наименование темы | Информационные технологии |
| Формальный подзаголовок | Съезды, совещания и т.п |
| Тематический подзаголовок | Безопасность |
| Системный номер авторитетной/нормативной записи | 2125669 |
| Идентификатор авторитетной/нормативной записи | RU\NLR\AUTH\661283088 |
| 606 1# - НАИМЕНОВАНИЕ ТЕМЫ КАК ПРЕДМЕТ | |
| Наименование темы | Информационная безопасность |
| Формальный подзаголовок | Съезды, совещания и т.п |
| Тематический подзаголовок | Правовые вопросы |
| Географический подзаголовок | Российская Федерация |
| Системный номер авторитетной/нормативной записи | 2206380 |
| Идентификатор авторитетной/нормативной записи | RU\NLR\AUTH\661325591 |
| 686 1# - ИНДЕКСЫ ДРУГИХ КЛАССИФИКАЦИЙ | |
| Индекс | З973.233-082.03я431(2) |
| 686 1# - ИНДЕКСЫ ДРУГИХ КЛАССИФИКАЦИЙ | |
| Индекс | Х621.162я431 |
| 710 12 - НАИМЕНОВАНИЕ ОРГАНИЗАЦИИ - ПЕРВИЧНАЯ ОТВЕТСТВЕННОСТЬ | |
| Начальный элемент ввода | "Безопасность граждан России в информационном мире", межрегиональный инфофорум |
| Порядковый номер временной организации и / или порядковый номер ее части | 3 |
| Место проведения временной организации | Курск |
| Дата проведения временной организации | 2018 |
| Системный номер авторитетной/нормативной записи | 584647 |
| Идентификатор авторитетной/нормативной записи | RU\NLR\AUTH\880461001 |
| 852 ## - МЕСТОНАХОЖДЕНИЕ И ШИФР ХРАНЕНИЯ | |
| Идентификатор организации | NLR |
| Шифр хранения (Call Number) | П10/7782 |
| 942 ## - ДОПОЛНИТЕЛЬНЫЕ ЭЛЕМЕНТЫ ЗАПИСИ (АБИС) | |
| Тип экземпляра АБИС | Выпуск |
| 980 ## - КОЛЛЕКЦИЯ | |
| Название коллекции | Национальная библиография |
| 980 ## - КОЛЛЕКЦИЯ | |
| Название коллекции | Русская периодика |
Нет доступных экземпляров.